|
|
|
|
| LEADER |
00000nam0a2200000 4500 |
| 001 |
297205 |
| 005 |
20231102001002.0 |
| 035 |
|
|
|a (RuTPU)RU\TPU\book\322325
|
| 090 |
|
|
|a 297205
|
| 100 |
|
|
|a 20150605d1967 m y0rusy50 ca
|
| 101 |
0 |
|
|a rus
|
| 102 |
|
|
|a RU
|
| 105 |
|
|
|a a j 001zy
|
| 200 |
1 |
|
|a Наладка электрооборудования электростанций и подстанций
|e учебник для вузов
|f Э. С. Мусаэлян
|
| 210 |
|
|
|a Москва
|c Энергия
|d 1967
|
| 215 |
|
|
|a 536 с.
|c ил.
|
| 320 |
|
|
|a Библиогр.: с. 534-536.
|
| 606 |
1 |
|
|a Электрические подстанции
|x Электрооборудование
|x Наладка
|2 stltpush
|3 (RuTPU)RU\TPU\subj\27308
|9 51088
|
| 606 |
1 |
|
|a Электрические станции
|x Электрооборудование
|2 stltpush
|3 (RuTPU)RU\TPU\subj\27642
|9 51365
|
| 610 |
1 |
|
|a электрооборудование
|
| 610 |
1 |
|
|a наладка
|
| 610 |
1 |
|
|a проверка
|
| 610 |
1 |
|
|a силовое электрооборудование
|
| 610 |
1 |
|
|a проверка
|
| 610 |
1 |
|
|a измерения
|
| 610 |
1 |
|
|a испытания
|
| 610 |
1 |
|
|a измерительные трансформаторы
|
| 610 |
1 |
|
|a распределительные устройства
|
| 610 |
1 |
|
|a силовые трансформаторы
|
| 610 |
1 |
|
|a электрические машины переменного тока
|
| 610 |
1 |
|
|a электрические машины постоянного тока
|
| 610 |
1 |
|
|a вторичные устройства
|
| 610 |
1 |
|
|a регулирующие устройства
|
| 610 |
1 |
|
|a возбуждение
|
| 610 |
1 |
|
|a вспомогательное оборудование
|
| 610 |
1 |
|
|a наладочные работы
|
| 610 |
1 |
|
|a учебники
|
| 675 |
|
|
|a 621.311.2.002.5-83(075.8)
|v 3
|
| 675 |
|
|
|a 621.311.4.002.5(075.8)
|v 3
|
| 700 |
|
1 |
|a Мусаэлян
|b Э. С.
|g Эрик Суренович
|
| 801 |
|
1 |
|a RU
|b 63413507
|c 20150605
|
| 801 |
|
2 |
|a RU
|b 63413507
|c 20220531
|g RCR
|
| 942 |
|
|
|c BK
|